| 000 | 00916cab a2200241 4500 | ||
|---|---|---|---|
| 001 | ABS60232 | ||
| 008 | 090401t1999 xxu||||| |||| 00| 0 eng d | ||
| 035 | _a(Sirsi) u91821 | ||
| 041 | _aeng | ||
| 100 | _aReid, Kenneth | ||
| 245 | _aAbolition of the feudal system | ||
| 260 | _c1999 | ||
| 350 | _a0 | ||
| 490 |
_aJournal of the Law Society of Scotland _v44(2) February 1999, 24-26(3) |
||
| 520 | _aDescribes the approach adopted by the Scottish Law Commission to the abolition of the feudal system in Scotland. Outlines which real burdens will survive and which will be abolished and the position of partnerships owning land after the reform. The position of compensation for the loss of feu duty is also explained. | ||
| 650 | _aFEUDAL SYSTEM | ||
| 650 | _aPARTNERSHIPS | ||
| 650 | _aREAL BURDENS | ||
| 650 | _aSCOTLAND | ||
| 690 | _aPROPERTY LAW AND PRACTICE | ||
| 942 | _n0 | ||
| 948 | _c05/03/1999 | ||
| 999 |
_c58270 _d58270 |
||